000 00254 a2200121 4500
001 125726
020 _a9780779100880
040 _cEscola Canadense de Niteroi
100 _aScholastic
245 1 0 _aPutting it in Motion
362 0 _a2000
942 _cBK
999 _c125726
_d125726